Analysis and design of mechanisms (Record no. 546105)
[ view plain ]
| 000 -LEADER | |
|---|---|
| fixed length control field | 00372nam a22001337a 4500 |
| 082 ## - DEWEY DECIMAL CLASSIFICATION NUMBER | |
| Classification number | 621.8 |
| Author Mark | LEN |
| -- | L-5, P-5 |
| 100 ## - MAIN ENTRY--PERSONAL NAME | |
| Personal name | Lent, Deane |
| 9 (RLIN) | 42163 |
| 245 ## - TITLE STATEMENT | |
| Title | Analysis and design of mechanisms |
| Statement of responsibility, etc. | Lent, Deane |
| 260 ## - PUBLICATION, DISTRIBUTION, ETC. | |
| Place of publication, distribution, etc. | USA |
| Name of publisher, distributor, etc. | Prentice-hall |
| Date of publication, distribution, etc. | 1961 |
| 300 ## - PHYSICAL DESCRIPTION | |
| Extent | xii, 328 p. |
| Other physical details | ill. |
| Dimensions | 24 cm |
| 526 ## - STUDY PROGRAM INFORMATION NOTE | |
| Program name | 0 |
| Interest level | 0 |
| Reading level | 0 |
| Title point value | 621_800000000000000_LEN |
| 650 ## - SUBJECT ADDED ENTRY--TOPICAL TERM | |
| Topical term or geographic name entry element | MCE |
| 9 (RLIN) | 379 |
| 942 ## - ADDED ENTRY ELEMENTS (KOHA) | |
| Source of classification or shelving scheme | |
| Koha item type | Book |
| Withdrawn status | Lost status | Source of classification or shelving scheme | Damaged status | Not for loan | Permanent Location | Current Location | Date acquired | Total Checkouts | Full call number | Barcode | Date last seen | Price effective from | Koha item type |
|---|---|---|---|---|---|---|---|---|---|---|---|---|---|
| Military College of Engineering (MCE) | Military College of Engineering (MCE) | 06/03/2014 | 621.8 LEN | MCE-2191 | 06/03/2014 | 06/03/2014 | Book |
